कामपुरुषार्थ (Record no. 368814)

MARC details
000 -LEADER
fixed length control field 00349nam a2200133Ia 4500
005 - DATE AND TIME OF LATEST TRANSACTION
control field 20251013221656.0
008 - FIXED-LENGTH DATA ELEMENTS--GENERAL INFORMATION
fixed length control field 251010s9999 xx 000 0 und d
041 ## - LANGUAGE CODE
Language code of text/sound track or separate title mar
100 ## - MAIN ENTRY--PERSONAL NAME
Personal name पेंडसे ग.सी
9 (RLIN) 214523
245 ## - TITLE STATEMENT
Title कामपुरुषार्थ
250 ## - EDITION STATEMENT
Edition statement 1ST
260 ## - PUBLICATION, DISTRIBUTION, ETC. (IMPRINT)
Name of publisher, distributor, etc. Kulkarni Granthagar
Date of publication, distribution, etc. 1959
300 ## - PHYSICAL DESCRIPTION
Extent 324
Holdings
Withdrawn status Lost status Damaged status Not for loan Home library Current library Date acquired Cost, normal purchase price Total Checkouts Barcode Date last seen Bill Date Koha item type Original Barcode
        Shri Siddhivinayak Mahila Mahavidyalaya Shri Siddhivinayak Mahila Mahavidyalaya 01/07/2014 10.00   SSMM-ABK-010000818 13/10/2025 01/07/2014 Books ABK010000818